Pays d'Amérique du Nord et du Sud - Statistiques

Statistiques générales
  • Ce quiz a été pris 41 758 fois
  • Le résultat moyen est 26 sur 35
Réponses sur la Carte
Les réponses sont colorées sur une échelle allant du rouge au vert en fonction du pourcentage des utilisateurs qui les ont devinées à leur premier essai. Vous pouvez retrouver ces pourcentages ci-dessous.
 
Statistiques - réponses
Pays % Correct
Canada
99%
États-Unis
99%
Brésil
98%
Mexique
98%
Argentine
97%
Chili
95%
Colombie
89%
Pérou
89%
Cuba
88%
Uruguay
88%
Paraguay
86%
Venezuela
86%
Bolivie
84%
Équateur
83%
Panama
79%
Guyana
78%
Costa Rica
77%
Haïti
74%
Suriname
72%
Guatemala
71%
Honduras
71%
Jamaïque
71%
République Dominicaine
71%
Salvador
69%
Nicaragua
68%
Belize
65%
Bahamas
64%
Sainte-Lucie
54%
Dominique
51%
Barbade
49%
Saint-Vincent-et-les- Grenadines
49%
Trinité-et-Tobago
48%
Antigua-et-Barbuda
46%
Grenade
46%
Saint-Christophe- et-Niévès
45%
Aucun quiz correspondant
Distribution des résultats
% des personnes avec chaque résultat
Percentile par nombre de réponses
Votre historique - résultats
Vous n’avez pas pris ce quiz